Footballer by Pictures #2 - Statistics

General Stats
  • This quiz has been taken 301 times
  • The average score is 11 of 16
Answer Stats
Picture Answer % Correct
Luis Suárez
96%
Alphonso Davies
89%
Robert Lewandowski
89%
Bernardo Silva
83%
Marco Reus
82%
Roberto Firmino
82%
Paul Pogba
81%
Marco Verratti
80%
Martin Ødegaard
80%
Keylor Navas
78%
Ferran Torres
77%
Mario Götze
76%
Filip Kostić
42%
Houssem Aouar
38%
Séamus Coleman
37%
Aiden McGeady
16%
No matching quizzes found
Score Distribution
Percent of People with Each Score
Percentile by Number Answered
Your Score History
You have not taken this quiz